| 000 | 00782nam a22001937a 4500 | ||
|---|---|---|---|
| 999 |
_c11749 _d11749 |
||
| 003 | AR-CdUCM | ||
| 008 | 190404b ||||| |||| 00| 0 spa d | ||
| 040 |
_aMUNICIPALIDAD PROVINCIAL DEL CUSCO _cBIBLIOTECA MUNICIPAL DEL CUSCO |
||
| 082 |
_a938 / _bS83 |
||
| 100 |
_aStruve, V. V. _929259 |
||
| 245 | _aHistoria de la antigua Grecia / | ||
| 260 |
_aBuenos aires : _bEditorial futuro s.r.l., _c1964. |
||
| 300 |
_a429 paginas _c23 cm. |
||
| 505 | _aContenido :La guerra del peloponeso -- El litoral, occidental y septentrional del mar negro en los siglos V-IV-- Grecia en la primera mitad del siglo IV -- El arte en la antigua Grecia -- Estudio de las fuentes ... | ||
| 650 |
_aAntigua Grecia _927504 |
||
| 650 |
_aHistoria universal _91423 |
||
| 942 |
_2ddc _cLIBROS |
||
| 945 | _arum | ||